Sri Lanka First Level Subdivisions - Statistics

General Stats
  • This quiz has been taken 100 times
  • The average score is 7 of 9
Answer Stats
Provinces % Correct
Eastern
93%
Northern
93%
Western
91%
Southern
89%
Central
87%
Uva
80%
North Western
74%
North Central
72%
Sabaragamuwa
52%
No matching quizzes found
Score Distribution
Percent of People with Each Score
Percentile by Number Answered
Your Score History
You have not taken this quiz